000 00558nam a22001695i 4500
001 169723
003 ES-MaACL
005 20230907160951.0
008 081113s1873 fr |||| | fre d
245 0 3 _aL'Europe orientale
_b: son état présent sa réorganisation avec deux tableaux ethnographiques et politiques et une carte.
260 _aParis :
_bGerman Baillière,
_c1873.
300 _a228 p., [3] h. pleg. ;
_c18 cm.
651 4 _aEuropa oriental.
_9138897
852 _aES-MaACL
_9176383
_jT-210-F-7
942 _2udc
999 _c169723
_d169723